Besondere Flaggen - Statistiken

Allgemein
  • Dieses Quiz wurde 90 mal gespielt
  • Das Durchschnittsergebnis liegt bei 3 aus 6
Antwortstatistiken
Hint Antwort % Korrekt
Einzige quadratische Länderflaggen (nenne eine) Schweiz | Vatikan
97%
Einzige Landesflagge mit mehr als 4 Ecken Nepal
92%
Älteste Landesflagge Dänemark
24%
Einzige Landesflagge ohne rot, blau oder weiß Jamaika
24%
Einzige Landesflagge mit Vor- und Rückseite Paraguay
12%
Einzige Landesflagge die den Goldenen Schnitt verwendet Togo
4%
Keine übereinstimmenden Quizze gefunden
Verteilung der Resultate
Anzahl Personen mit jedem Resultat
Perzentil nach korrekt beantworteten Fragen
Ihre Resultats-Entwicklung
Sie haben dieses Quiz noch nicht gespielt